El tesoro del lago de la plata / (Registro nro. 8549)

Detalles MARC
000 -LEADER
fixed length control field 01102nam a22003497a 4500
001 - CONTROL NUMBER
control field 0074
003 - CONTROL NUMBER IDENTIFIER
control field DO-SdBNP
005 - DATE AND TIME OF LATEST TRANSACTION
control field 20180205145313.0
007 - PHYSICAL DESCRIPTION FIXED FIELD--GENERAL INFORMATION
fixed length control field 0074
008 - FIXED-LENGTH DATA ELEMENTS--GENERAL INFORMATION
fixed length control field 151104b sp 1991 ||||| |||| 00| 0 spa d
020 ## - INTERNATIONAL STANDARD BOOK NUMBER
International Standard Book Number 9788420742953
040 ## - CATALOGING SOURCE
Original cataloging agency BPMSU
Language of cataloging spa
Transcribing agency BPMSU
041 17 - LANGUAGE CODE
Language code of text/sound track or separate title spa
Language code of original eng
100 1# - MAIN ENTRY--PERSONAL NAME
Relator code May, Karl
245 13 - TITLE STATEMENT
Title El tesoro del lago de la plata /
Statement of responsibility, etc. Karl May ; traducción María Dolores Avalos , María Luisa Delgado ; ilustración José María Ponde.
246 10 - VARYING FORM OF TITLE
Title proper/short title Der Schatz im silbersee
260 ## - PUBLICATION, DISTRIBUTION, ETC. (IMPRINT)
Place of publication, distribution, etc. Madrid, España :
Name of publisher, distributor, etc. Anaya,
Date of publication, distribution, etc. 1991.
300 ## - PHYSICAL DESCRIPTION
Extent 383 p. :
Other physical details il.,
Dimensions 20 cm.
490 10 - SERIES STATEMENT
Series statement Tus libros
490 10 - SERIES STATEMENT
Series statement Aventuras
Volume/sequential designation 111
500 ## - GENERAL NOTE
General note Incluye referencias bibliográficas y notas al pie de las páginas.
501 ## - WITH NOTE
With note Inventariado, 2018 /LP
504 ## - BIBLIOGRAPHY, ETC. NOTE
Bibliography, etc Bibliografias : p. 377-383
700 10 - ADDED ENTRY--PERSONAL NAME
Personal name Avalos, María Dolores,
Relator term tr.
700 10 - ADDED ENTRY--PERSONAL NAME
Personal name Delgado, María Luisa,
Relator term tr.
700 10 - ADDED ENTRY--PERSONAL NAME
Personal name Ponce, José María,
Relator term il.
830 #0 - SERIES ADDED ENTRY--UNIFORM TITLE
Uniform title Tus libros
830 #0 - SERIES ADDED ENTRY--UNIFORM TITLE
Uniform title Aventuras
Number of part/section of a work 111
942 ## - ADDED ENTRY ELEMENTS (KOHA)
Source of classification or shelving scheme Dewey Decimal Classification
Koha item type Libros
945 ## - LOCAL PROCESSING INFORMATION (OCLC)
a Inventariado, 2018 /LP
956 ## - LOCAL ELECTRONIC LOCATION AND ACCESS (OCLC)
Host name Brenda Tavárez
Access number 10
Existencias
Withdrawn status Lost status Source of classification or shelving scheme Damaged status Not for loan Collection code Home library Current library Date acquired Source of acquisition Total Checkouts Barcode Date last seen Price effective from Koha item type
    Dewey Decimal Classification     Colección General Biblioteca Pública Metropolitana Salomé Ureña Biblioteca Pública Metropolitana Salomé Ureña 11/04/2015 FUNDI   BPMSU15110055 11/04/2015 11/04/2015 Libros